[Event "Belgrade-chT"]
[Site "Belgrade"]
[Date "2016.10.21"]
[Round "12.3"]
[White "Ivic, Velimir"]
[Black "Damjanovic, Dragan"]
[Result "1/2-1/2"]
[WhiteElo "2264"]
[BlackElo "2237"]
[PlyCount "24"]
[EventDate "2016.10.08"]
[EventType "team-tourn"]
[EventRounds "13"]
[EventCountry "SRB"]
[SourceTitle "CBM 175 Extra"]
[Source "ChessBase"]
[SourceDate "2016.12.12"]
[SourceVersion "1"]
[SourceVersionDate "2016.12.12"]
[SourceQuality "1"]
[WhiteTeam "Delfin"]
[BlackTeam "Belgrade Vodovod"]
[WhiteTeamCountry "SRB"]
[BlackTeamCountry "SRB"]

1. Nf3 d5 2. c4 c6 3. g3 Nf6 4. b3 Bg4 5. Bg2 e6 6. Bb2 Nbd7 7. 0-0 Bc5 8. d4 Bd6 9. Nbd2 0-0 10. h3 Bh5 11. Re1 Qe7 12. Qc2 Ba3 1/2-1/2

[Event "Belgrade-chT"]
[Site "Belgrade"]
[Date "2016.10.14"]
[Round "6.6"]
[White "Budimir, Dragan"]
[Black "Damjanovic, Dragan"]
[Result "1/2-1/2"]
[WhiteElo "2165"]
[BlackElo "2237"]
[PlyCount "30"]
[EventDate "2016.10.08"]
[EventType "team-tourn"]
[EventRounds "13"]
[EventCountry "SRB"]
[SourceTitle "EXT 2017"]
[Source "ChessBase"]
[SourceDate "2016.10.25"]
[SourceVersion "1"]
[SourceVersionDate "2016.10.25"]
[SourceQuality "1"]
[WhiteTeam "Belgrade Radnicki"]
[BlackTeam "Belgrade Vodovod"]
[WhiteTeamCountry "SRB"]
[BlackTeamCountry "SRB"]

1. e4 c6 2. Nc3 d5 3. Nf3 Bg4 4. h3 Bxf3 5. Qxf3 e6 6. d4 dxe4 7. Qxe4 Nf6 8. Qh4 Bb4 9. Bd2 Nbd7 10. Bd3 Nd5 11. Qxd8+ Rxd8 12. Nxd5 Bxd2+ 13. Kxd2 cxd5 14. Bb5 Ke7 15. Bxd7 Rxd7 1/2-1/2

[Event "Belgrade-chT"]
[Site "Belgrade"]
[Date "2016.10.10"]
[Round "3.1"]
[White "Damjanovic, Dragan"]
[Black "Velickovic, Sasa"]
[Result "1-0"]
[WhiteElo "2237"]
[BlackElo "2352"]
[PlyCount "135"]
[EventDate "2016.10.08"]
[EventType "team-tourn"]
[EventRounds "13"]
[EventCountry "SRB"]
[SourceTitle "EXT 2017"]
[Source "ChessBase"]
[SourceDate "2016.10.25"]
[SourceVersion "1"]
[SourceVersionDate "2016.10.25"]
[SourceQuality "1"]
[WhiteTeam "Belgrade Vodovod"]
[BlackTeam "Crvena Zvezda"]
[WhiteTeamCountry "SRB"]
[BlackTeamCountry "SRB"]

1. d4 Nf6 2. c4 c5 3. d5 g6 4. Nc3 d6 5. e4 Bg7 6. h3 0-0 7. Nf3 e6 8. Bd3 Na6 9. 0-0 Nc7 10. a4 a6 11. Bf4 e5 12. Bg5 h6 13. Be3 Bd7 14. g4 h5 15. Nh2 hxg4 16. hxg4 Nh7 17. f3 Rb8 18. Qd2 Qe7 19. Ra2 b6 20. b3 Ne8 21. Rf2 Bf6 22. Nf1 Ng5 23. Kg2 Kg7 24. Ng3 Rh8 25. Ra1 Nh3 26. Rff1 Nf4+ 27. Bxf4 exf4 28. Nge2 g5 29. Rh1 Nc7 30. Rxh8 Rxh8 31. Rh1 Rxh1 32. Kxh1 Qd8 33. Qe1 Be5 34. Nd1 Ne8 35. Nf2 Nf6 36. Kg2 Nh7 37. Ng1 Nf8 38. Kf1 Ng6 39. Be2 Bd4 40. Nd3 Qh8 41. Kg2 Qb8 42. Nh3 Qd8 43. Qd2 Qf6 44. Nhf2 Nh4+ 45. Kf1 Ng6 46. Kg2 Kf8 47. Qd1 Qh8 48. Qc1 Ke7 49. Qd1 Be3 50. Qb1 Bd4 51. Qd1 Kd8 52. Qc1 Kc7 53. Qd1 Bc3 54. Qc1 Ba5 55. Qb2 Bc3 56. Qc1 Bd4 57. Qd1 Kd8 58. Qc1 Ke7 59. Qd1 Qb8 60. Qc1 b5 61. axb5 axb5 62. Nh3 bxc4 63. bxc4 Kf6 64. Nhf2 Qa7 65. e5+ dxe5 66. Ne4+ Kg7 67. Nxg5 f5 68. Qh1 1-0

[Event "Belgrade-chT"]
[Site "Belgrade"]
[Date "2016.10.08"]
[Round "1.2"]
[White "Damjanovic, Dragan"]
[Black "Trailovic, Aleksandar1111"]
[Result "1/2-1/2"]
[WhiteElo "2237"]
[BlackElo "2121"]
[PlyCount "38"]
[EventDate "2016.10.08"]
[EventType "team-tourn"]
[EventRounds "13"]
[EventCountry "SRB"]
[SourceTitle "EXT 2017"]
[Source "ChessBase"]
[SourceDate "2016.10.25"]
[SourceVersion "1"]
[SourceVersionDate "2016.10.25"]
[SourceQuality "1"]
[WhiteTeam "Belgrade Vodovod"]
[BlackTeam "Post Stedionica"]
[WhiteTeamCountry "SRB"]
[BlackTeamCountry "SRB"]

1. d4 d5 2. c4 e6 3. Nf3 Nf6 4. Nc3 c5 5. cxd5 cxd4 6. Qxd4 exd5 7. e4 Nc6 8. Bb5 dxe4 9. Qxd8+ Kxd8 10. Ng5 Ke8 11. 0-0 h6 12. Ngxe4 Nxe4 13. Nxe4 f5 14. Ng3 Be6 15. Bd2 Kf7 16. Bc3 Bb4 17. Rac1 Bxc3 18. Rxc3 Rac8 19. Rfc1 Ne7 1/2-1/2

[Event "Belgrade-chT"]
[Site "Belgrade"]
[Date "2015.09.26"]
[Round "5.1"]
[White "Mihajlovic, Miodrag"]
[Black "Damjanovic, Dragan"]
[Result "0-1"]
[WhiteElo "2090"]
[BlackElo "2263"]
[PlyCount "66"]
[EventDate "2015.09.21"]
[EventType "team-tourn"]
[EventRounds "9"]
[EventCountry "SRB"]
[SourceTitle "CBM 168 Extra"]
[Source "ChessBase"]
[SourceDate "2015.10.29"]
[SourceVersion "1"]
[SourceVersionDate "2015.10.29"]
[SourceQuality "1"]
[WhiteTeam "Belgrade Radnicki"]
[BlackTeam "Belgrade Vodovod"]
[WhiteTeamCountry "SRB"]
[BlackTeamCountry "SRB"]

1. Nf3 d5 2. g3 c6 3. Bg2 Bg4 4. c3 Nd7 5. a4 e5 6. d3 f5 7. a5 Ngf6 8. 0-0 Bd6 9. Bg5 h6 10. Bxf6 Nxf6 11. Qb3 Qd7 12. a6 b6 13. c4 e4 14. cxd5 exf3 15. exf3 Bh5 16. Re1+ Kf8 17. dxc6 Qxc6 18. f4 Bf3 19. Bxf3 Qxf3 20. Nd2 Qd5 21. Nc4 b5 22. Qc3 bxc4 23. dxc4 Qc5 24. b4 Qxb4 25. Qd3 Ne4 26. Rxe4 fxe4 27. Qxe4 Rb8 28. Rd1 Be7 29. Kg2 h5 30. Qf5+ Bf6 31. Rd7 Qxc4 32. Rxa7 Qc6+ 33. Kh3 h4 0-1

[Event "Belgrade-chT"]
[Site "Belgrade"]
[Date "2015.09.22"]
[Round "2.1"]
[White "Damjanovic, Dragan"]
[Black "Lorens Ristovic, Lami M"]
[Result "0-1"]
[WhiteElo "2263"]
[BlackElo "2105"]
[PlyCount "87"]
[EventDate "2015.09.21"]
[EventType "team-tourn"]
[EventRounds "9"]
[EventCountry "SRB"]
[SourceTitle "CBM 168 Extra"]
[Source "ChessBase"]
[SourceDate "2015.10.29"]
[SourceVersion "1"]
[SourceVersionDate "2015.10.29"]
[SourceQuality "1"]
[WhiteTeam "Belgrade Vodovod"]
[BlackTeam "Politika"]
[WhiteTeamCountry "SRB"]
[BlackTeamCountry "SRB"]

1. d4 d5 2. c4 c6 3. Nf3 Nf6 4. Nc3 a6 5. a4 Bf5 6. g3 e6 7. Bg2 Nbd7 8. 0-0 Be7 9. Nh4 Bg6 10. Nxg6 hxg6 11. cxd5 cxd5 12. e4 Qa5 13. exd5 exd5 14. Re1 Kf8 15. Bd2 Bb4 16. Qb3 Nb6 17. Rad1 Rd8 18. Bf4 Rc8 19. Rc1 Rc6 20. Be5 Bxc3 21. Rxc3 Qxa4 22. Qxa4 Nxa4 23. Bd6+ Kg8 24. Rxc6 bxc6 25. b3 Nc3 26. Bf1 Nfe4 27. Bb4 Nb5 28. Bxb5 cxb5 29. Ra1 Kh7 30. Rxa6 Rc8 31. Rb6 Rc2 32. Rxb5 Nxf2 33. Rxd5 Ng4 34. Rc5 Rb2 35. Rc3 Nf6 36. Rf3 Nd5 37. Bc5 f5 38. h3 Kh6 39. Kf1 g5 40. Ke1 Kg6 41. Kd1 f4 42. b4 Kf5 43. gxf4 gxf4 44. Kc1 0-1

[Event "Belgrade Winter op"]
[Site "Belgrade"]
[Date "2011.01.28"]
[Round "7"]
[White "Stamatovic, Aleksandar"]
[Black "Damjanovic, Dragan"]
[Result "1-0"]
[WhiteElo "2213"]
[BlackElo "2272"]
[PlyCount "83"]
[EventDate "2011.01.22"]
[EventType "swiss"]
[EventRounds "9"]
[EventCountry "SRB"]
[SourceTitle "CBM 140 Extra"]
[Source "ChessBase"]
[SourceDate "2011.03.01"]
[SourceVersion "1"]
[SourceVersionDate "2011.03.01"]
[SourceQuality "1"]

1. e4 c6 2. d4 d5 3. Nc3 dxe4 4. Nxe4 Bf5 5. Ng3 Bg6 6. h4 h6 7. Nh3 e6 8. Nf4 Bh7 9. c3 Nd7 10. Bd3 Bxd3 11. Qxd3 Ngf6 12. Qe2 Be7 13. Ngh5 Nxh5 14. Qxh5 g6 15. Qg4 Nf6 16. Qf3 Nd5 17. Nd3 Bf6 18. Bd2 h5 19. Ne5 Bxe5 20. dxe5 Qc7 21. Qe4 0-0-0 22. 0-0-0 Ne7 23. Bg5 Rd5 24. Qe3 Nf5 25. Qf4 b5 26. f3 Rg8 27. Rhe1 Kb7 28. g4 Ng7 29. Rd4 f5 30. exf6 e5 31. Rxd5 exf4 32. Rde5 Ka6 33. Re7 Qd6 34. fxg7 Qd5 35. gxh5 gxh5 36. Bf6 b4 37. Bd4 c5 38. R1e6+ Kb5 39. Re5 Qxf3 40. Rxc5+ Ka6 41. Rg5 Rxg7 42. Rexg7 1-0

[Event "SRB-chT"]
[Site "Belgrade"]
[Date "2010.10.01"]
[Round "1"]
[White "Ivanovic, Nikola"]
[Black "Damjanovic, Dragan"]
[Result "1/2-1/2"]
[WhiteElo "2228"]
[BlackElo "2273"]
[PlyCount "111"]
[EventDate "2010.10.01"]
[EventType "team-tourn"]
[EventRounds "11"]
[EventCountry "YUG"]
[SourceTitle "CBM 138 Extra"]
[Source "ChessBase"]
[SourceDate "2010.10.29"]
[SourceVersion "1"]
[SourceVersionDate "2010.10.29"]
[SourceQuality "1"]

1. c4 c6 2. Nf3 d5 3. Qc2 Nf6 4. g3 Bg4 5. Bg2 Nbd7 6. 0-0 e6 7. b3 Be7 8. Bb2 0-0 9. d3 a5 10. Nbd2 Qb6 11. e4 Rfc8 12. Rfe1 Qd8 13. Rac1 Qf8 14. d4 Nxe4 15. Nxe4 dxe4 16. Qxe4 Nf6 17. Qe3 Bxf3 18. Bxf3 Ba3 19. Rc2 Bxb2 20. Rxb2 Rd8 21. Rd2 Rd7 22. Red1 Rad8 23. Rd3 Qb4 24. a4 h6 25. Kg2 Kf8 26. h3 Kg8 27. g4 Qd6 28. h4 Qe7 29. Qd2 e5 30. g5 hxg5 31. hxg5 Nh7 32. g6 fxg6 33. Re1 Ng5 34. Rxe5 Nxf3 35. Rxe7 Nxd2 36. Rxd7 Rxd7 37. Rxd2 Kf7 38. Kf3 Kf6 39. Ke4 Re7+ 40. Kd3 Re1 41. d5 Ke5 42. Kc3 Kd6 43. dxc6+ Kxc6 44. Rd5 b6 45. Rg5 Re6 46. Kd4 Rf6 47. Ke3 Kd6 48. Rd5+ Kc7 49. Re5 Kd7 50. c5 Kc6 51. cxb6 Kxb6 52. Rb5+ Ka6 53. f4 Re6+ 54. Kf3 Re8 55. Rg5 Re6 56. Rb5 1/2-1/2

[Event "SRB-chT Cup"]
[Site "Kragujevac"]
[Date "2010.05.24"]
[Round "7"]
[White "Damjanovic, Dragan"]
[Black "Zonjic, Milos"]
[Result "0-1"]
[WhiteElo "2276"]
[BlackElo "2164"]
[PlyCount "86"]
[EventDate "2010.05.18"]
[EventType "team-tourn"]
[EventRounds "7"]
[EventCountry "YUG"]
[SourceTitle "CBM 136 Extra"]
[Source "ChessBase"]
[SourceDate "2010.07.02"]
[SourceVersion "2"]
[SourceVersionDate "2010.07.15"]
[SourceQuality "1"]

1. d4 e6 2. c4 f5 3. g3 Nf6 4. Bg2 Bb4+ 5. Bd2 Be7 6. Nc3 0-0 7. Qc2 Nc6 8. Nf3 Qe8 9. 0-0 Qh5 10. a3 d6 11. e4 e5 12. d5 fxe4 13. Nxe4 Nxe4 14. Qxe4 Bf5 15. Qe3 Nb8 16. h4 h6 17. Nh2 Nd7 18. b4 Qg6 19. Rac1 b6 20. Rfd1 Rf7 21. c5 bxc5 22. bxc5 Bc2 23. c6 Nc5 24. Rf1 Bd3 25. Rfe1 Raf8 26. h5 Qh7 27. f4 exf4 28. gxf4 Bh4 29. Red1 Rxf4 30. Qxf4 Rxf4 31. Bxf4 Qf5 32. Be3 Bg5 33. Bxg5 Qxg5 34. Nf3 Qxd5 35. Ne1 Qd4+ 36. Kh1 Qh4+ 37. Kg1 Qg5 38. Nxd3 Nxd3 39. Rxd3 Qxc1+ 40. Kh2 Qc5 41. Bd5+ Kf8 42. Kh3 Ke7 43. Kg4 Qg1+ 0-1

[Event "SRB-chT Cup"]
[Site "Kragujevac"]
[Date "2010.05.20"]
[Round "3"]
[White "Solak, Dragan"]
[Black "Damjanovic, Dragan"]
[Result "1-0"]
[WhiteElo "2547"]
[BlackElo "2276"]
[PlyCount "61"]
[EventDate "2010.05.18"]
[EventType "team-tourn"]
[EventRounds "7"]
[EventCountry "YUG"]
[SourceTitle "CBM 136 Extra"]
[Source "ChessBase"]
[SourceDate "2010.07.02"]
[SourceVersion "2"]
[SourceVersionDate "2010.07.15"]
[SourceQuality "1"]

1. e4 c6 2. d4 d5 3. f3 g6 4. Nc3 Bg7 5. Be3 Qb6 6. a3 e6 7. f4 h5 8. e5 Ne7 9. Nf3 Qd8 10. Bf2 b6 11. h3 Qd7 12. Qd2 Ba6 13. 0-0-0 Qb7 14. g4 Nd7 15. Bh4 Bf8 16. Kb1 Bxf1 17. Rdxf1 b5 18. Na2 a5 19. Nc1 Nb6 20. Nb3 Nc4 21. Qd3 Ng8 22. Nc5 Qa7 23. f5 hxg4 24. hxg4 gxf5 25. gxf5 Bxc5 26. dxc5 Kd7 27. fxe6+ fxe6 28. Bg5 Rxh1 29. Rxh1 Re8 30. Rh7+ Ne7 31. Bxe7 1-0

[Event "SRB-chT Cup"]
[Site "Kragujevac"]
[Date "2010.05.18"]
[Round "1"]
[White "Damjanovic, Dragan"]
[Black "Nedeljkovic, Dragan"]
[Result "1-0"]
[WhiteElo "2276"]
[BlackElo "2141"]
[PlyCount "58"]
[EventDate "2010.05.18"]
[EventType "team-tourn"]
[EventRounds "7"]
[EventCountry "YUG"]
[SourceTitle "CBM 136 Extra"]
[Source "ChessBase"]
[SourceDate "2010.07.02"]
[SourceVersion "2"]
[SourceVersionDate "2010.07.15"]
[SourceQuality "1"]

1. d4 Nf6 2. c4 c5 3. d5 b5 4. Nd2 Qa5 5. Qc2 d6 6. e4 g6 7. cxb5 Bg7 8. Ngf3 0-0 9. Bd3 a6 10. a4 axb5 11. Bxb5 Ba6 12. Ra3 Nbd7 13. Bxa6 Qxa6 14. Nc4 Rfb8 15. a5 e6 16. dxe6 fxe6 17. 0-0 d5 18. exd5 exd5 19. Ne3 Qb5 20. Rd1 d4 21. Nc4 Nd5 22. Bd2 N7f6 23. h3 Nb4 24. Qb3 Nfd5 25. Nb6 c4 26. Nxc4 Kh8 27. Nd6 Qc6 28. Nf7+ Kg8 29. N7e5 Nc2 1-0

[Event "Belgrade Spring op"]
[Site "Belgrade"]
[Date "2010.03.29"]
[Round "6"]
[White "Jakovljevic, Zivota"]
[Black "Damjanovic, Dragan"]
[Result "1/2-1/2"]
[WhiteElo "2120"]
[BlackElo "2273"]
[PlyCount "128"]
[EventDate "2010.03.23"]
[EventType "swiss"]
[EventRounds "9"]
[EventCountry "YUG"]
[SourceTitle "CBM 135 Extra"]
[Source "ChessBase"]
[SourceDate "2010.05.04"]
[SourceVersion "1"]
[SourceVersionDate "2010.05.04"]
[SourceQuality "1"]

1. d4 d5 2. c4 dxc4 3. e4 e5 4. Nf3 exd4 5. Bxc4 Bb4+ 6. Nbd2 Nc6 7. a3 Bxd2+ 8. Bxd2 Nge7 9. Qb3 0-0 10. h3 Qd6 11. 0-0 a6 12. Rad1 Be6 13. Bc3 Bxc4 14. Qxc4 Qf4 15. Nxd4 Qxe4 16. Rfe1 Qh4 17. Qb3 b6 18. Nxc6 Nxc6 19. Rd7 Rac8 20. Re3 Nd8 21. Rd4 Qh6 22. Rg4 g6 23. Rge4 Nb7 24. Re7 Nd6 25. Qd5 Nf5 26. Qe5 Qg7 27. Qxf5 gxf5 28. Bxg7 Kxg7 29. Rd3 Rfd8 30. Rb3 Rd1+ 31. Kh2 Kf6 32. Re2 Rcd8 33. Rc2 R8d7 34. Rc6+ R1d6 35. Rbc3 Rxc6 36. Rxc6+ Ke5 37. Kg3 a5 38. Kf3 f6 39. g3 Re7 40. b4 axb4 41. axb4 h5 42. b5 Rd7 43. Rc4 Rd3+ 44. Ke2 Rb3 45. Rxc7 Rxb5 46. Rh7 Rd5 47. Rxh5 b5 48. Rh8 Kd4 49. Rb8 Kc3 50. h4 b4 51. Kf3 b3 52. h5 b2 53. Rxb2 Kxb2 54. Kf4 Rd2 55. Kxf5 Rxf2+ 56. Kg6 f5 57. h6 Rh2 58. Kxf5 Rxh6 59. g4 Rh1 60. g5 Rf1+ 61. Ke6 Rg1 62. Kf6 Kc3 63. g6 Kd4 64. g7 Rxg7 1/2-1/2

[Event "Belgrade-ch"]
[Site "Belgrade"]
[Date "2010.01.30"]
[Round "8"]
[White "Damjanovic, Dragan"]
[Black "Nenezic, Marko"]
[Result "1-0"]
[WhiteElo "2254"]
[BlackElo "2099"]
[PlyCount "99"]
[EventDate "2010.01.23"]
[EventType "swiss"]
[EventRounds "9"]
[EventCountry "YUG"]
[SourceTitle "CBM 134 Extra"]
[Source "ChessBase"]
[SourceDate "2010.03.03"]
[SourceVersion "1"]
[SourceVersionDate "2010.03.03"]
[SourceQuality "1"]

1. d4 Nf6 2. c4 g6 3. Nc3 Bg7 4. e4 d6 5. Nf3 0-0 6. Be2 e5 7. Be3 Ng4 8. Bg5 f6 9. Bh4 Nc6 10. d5 Ne7 11. Nd2 Nh6 12. g4 f5 13. h3 Nf7 14. gxf5 gxf5 15. exf5 Bxf5 16. Nde4 Nh8 17. Bg4 Nhg6 18. Bxf5 Rxf5 19. Qg4 Nxh4 20. Qxh4 Ng6 21. Qg4 Rf4 22. Qe6+ Kh8 23. h4 Nf8 24. Qh3 Bh6 25. h5 Qe7 26. Ke2 Nd7 27. Rag1 Nf6 28. f3 Rf8 29. Rg3 Qf7 30. Rh2 Nxe4 31. Nxe4 b5 32. b3 bxc4 33. bxc4 Qe8 34. Qe6 Qa4 35. Qxh6 Qxc4+ 36. Kf2 Qc2+ 37. Kg1 Qd1+ 38. Kg2 Qe2+ 39. Nf2 R4f7 40. Rh4 Rg8 41. Rxg8+ Kxg8 42. Rg4+ Kh8 43. Rg3 e4 44. Qg5 exf3+ 45. Kh3 Qe8 46. Qg4 Qf8 47. Qd4+ Rg7 48. Qxg7+ Qxg7 49. Rxg7 Kxg7 50. Kg4 1-0

[Event "Vojvodina-chT"]
[Site "Sombor"]
[Date "2009.10.02"]
[Round "8"]
[White "Damjanovic, Dragan"]
[Black "Kotrla, Stefan"]
[Result "1/2-1/2"]
[WhiteElo "2255"]
[BlackElo "1923"]
[PlyCount "112"]
[EventDate "2009.09.27"]
[EventType "team-swiss"]
[EventRounds "11"]
[EventCountry "YUG"]
[SourceTitle "EXT 2012"]
[Source "ChessBase"]
[SourceDate "2011.11.24"]
[SourceVersion "1"]
[SourceVersionDate "2011.11.24"]
[SourceQuality "1"]

1. d4 Nf6 2. c4 e6 3. Nc3 d5 4. Nf3 Be7 5. Bf4 0-0 6. e3 Nbd7 7. h3 dxc4 8. Bxc4 a6 9. a4 Nb6 10. Bd3 Nbd5 11. Bh2 c5 12. 0-0 b6 13. e4 Nb4 14. Bc4 Bb7 15. Qe2 cxd4 16. Rfd1 Bc5 17. e5 Nfd5 18. Nxd4 Nxc3 19. bxc3 Nd5 20. Qg4 Qe7 21. Bg3 h6 22. Bh4 Qd7 23. Bf6 g6 24. Qh4 Nxf6 25. exf6 Rfd8 26. Qxh6 Bf8 27. Qe3 Rac8 28. Bb3 Bd5 29. c4 Bxc4 30. Nf5 Qc7 31. Rxd8 Qxd8 32. Ne7+ Bxe7 33. Rd1 Qe8 34. fxe7 Qxe7 35. Qxb6 Bxb3 36. Qxb3 Qc5 37. Qb7 Qc4 38. Rd4 Qc1+ 39. Kh2 Qc7+ 40. Qxc7 Rxc7 41. Rd6 a5 42. Ra6 Rc5 43. h4 Rc4 44. Rxa5 Rxh4+ 45. Kg3 Rb4 46. Ra7 Kg7 47. Kf3 g5 48. a5 Ra4 49. a6 Kg6 50. g4 Rf4+ 51. Kg3 Ra4 52. Ra8 Ra3+ 53. f3 Ra2 54. Ra7 Kg7 55. Kh3 Kf6 56. Kg3 Kg7 1/2-1/2